[Event "NCL978b Gwent Dragons-White Ro"]
[Site "Rd10"]
[Date "1998.05.24"]
[Round "10.5"]
[White "Miles, Richard"]
[Black "Palliser, Richard"]
[Result "1/2-1/2"]
[WhiteElo "2090"]
[BlackElo "2165"]
[PlyCount "107"]
[EventDate "1998.05.24"]

1. d4 Nf6 2. Nf3 g6 3. c4 Bg7 4. Nc3 O-O 5. g3 d6 6. Bg2 c6 7. O-O Qa5 8. Qd3
Na6 9. a3 e5 10. Bd2 Qc7 11. b4 Re8 12. e4 Bg4 13. Be3 Nb8 14. Nd2 exd4 15.
Bxd4 Nbd7 16. h3 Be6 17. f4 c5 18. Nb5 Qb6 19. Bf2 Nh5 20. Rab1 Bf8 21. Nc3 Qa6
22. Nd5 Bxd5 23. exd5 b6 24. bxc5 bxc5 25. Rb5 Rab8 26. Rfb1 Rxb5 27. cxb5 Qa4
28. Bf3 Nhf6 29. Bd1 Qa5 30. Nc4 Qd8 31. Bf3 Nb6 32. Nb2 Qd7 33. Kg2 Bg7 34. a4
Qf5 35. Qxf5 gxf5 36. a5 Nbxd5 37. Rd1 Nc3 38. Rxd6 Nxb5 39. Rc6 Ne4 40. Nc4
Bd4 41. Bxe4 Rxe4 42. Bxd4 cxd4 43. Nd6 Nxd6 44. Rxd6 Re2+ 45. Kf3 Ra2 46. Rd5
Ra3+ 47. Kf2 d3 48. Rxf5 d2 49. Rd5 Rxa5 50. Rxd2 Ra3 51. Kg2 Kg7 52. g4 a5 53.
Rd6 a4 54. Ra6 1/2-1/2

[Event "NCL978b Gwent Dragons-White Ro"]
[Site "Rd10"]
[Date "1998.05.24"]
[Round "10.6"]
[White "White, Mark"]
[Black "Vaughan, David"]
[Result "1/2-1/2"]
[WhiteElo "2225"]
[BlackElo "2050"]
[PlyCount "60"]
[EventDate "1998.05.24"]

1. d4 Nf6 2. Nc3 d5 3. Bg5 e6 4. e4 dxe4 5. Nxe4 Be7 6. Bxf6 Bxf6 7. Nf3 Nd7 8.
c3 O-O 9. Bd3 Re8 10. Qc2 Nf8 11. O-O-O a5 12. h4 a4 13. a3 b6 14. Nxf6+ Qxf6
15. Be4 Ra5 16. Ne5 Qf4+ 17. Kb1 f6 18. g3 Qh6 19. Nc6 Ra6 20. Ne7+ Rxe7 21. g4
Qf4 22. g5 f5 23. Bd3 Ra8 24. Rde1 Bb7 25. Rh3 Be4 26. Bxe4 fxe4 27. Rxe4 Qf5
28. Rhe3 b5 29. Qe2 Rf7 30. f3 Rb8 {(White's 20th and Black's draw offer are
equally inexplicable - but both scoresheets match)} 1/2-1/2

[Event "NCL978b Gwent Dragons-White Ro"]
[Site "Rd10"]
[Date "1998.05.24"]
[Round "10.7"]
[White "Walden-Jones, Andrew"]
[Black "Tan, Desmond"]
[Result "0-1"]
[WhiteElo "1830"]
[BlackElo "2110"]
[PlyCount "100"]
[EventDate "1998.05.24"]

1. e4 c5 2. Nf3 d6 3. d4 cxd4 4. Nxd4 Nf6 5. Nc3 g6 6. Be2 Bg7 7. O-O O-O 8.
Be3 Nc6 9. h3 Nxd4 10. Bxd4 Be6 11. f4 Rc8 12. e5 dxe5 13. Bxe5 Qa5 14. Kh2
Rfd8 15. Bd3 Nd5 16. Nxd5 Rxd5 17. Bxg7 Kxg7 18. Qe1 Qc7 19. Qe3 Bf5 20. Bxf5
Rxf5 21. c3 Rd8 22. Rae1 e6 23. Re2 a6 24. g3 Rfd5 25. Rff2 b5 26. Rd2 Qd6 27.
Rxd5 Qxd5 28. Qe5+ {(Draw offer)} Qxe5 29. fxe5 Rd3 30. Re2 h5 31. Kg2 g5 32.
Kf2 Kg6 33. Kg2 a5 34. Kh2 a4 35. a3 Rd5 36. g4 Rd3 37. Kg2 h4 38. Kh2 Kg7 39.
Kg2 Kf8 40. Kh2 Ke7 41. Kg2 Ke8 42. Kh2 Kd7 43. Kg2 Kc6 44. Rf2 Kd5 45. Re2
Rg3+ 46. Kh2 Rf3 47. Kg2 Rf4 48. Kg1 Re4 49. Rf2 Re1+ 50. Kg2 Kxe5 0-1

[Event "NCL978b Gwent Dragons-White Ro"]
[Site "Rd10"]
[Date "1998.05.24"]
[Round "10.8"]
[White "Forbes, Cathy"]
[Black "Powell, Ann"]
[Result "1-0"]
[WhiteElo "2105"]
[BlackElo "1490"]
[PlyCount "85"]
[EventDate "1998.05.24"]

1. d4 Nf6 2. Nf3 d6 3. Nbd2 Nbd7 4. e4 e5 5. dxe5 Nxe5 6. Nxe5 dxe5 7. Bc4 Bd6
8. O-O O-O 9. Re1 Re8 10. h3 Qe7 11. Nf1 Be6 12. Bb3 Bxb3 13. axb3 Rad8 14. Qf3
Bc5 15. Bg5 Rd6 16. Ne3 Bxe3 17. Bxe3 Rc6 18. Rxa7 Rxc2 19. Rxb7 Ra8 20. Bg5 h6
21. Bh4 Qd6 22. Bxf6 Qxf6 23. Qxf6 gxf6 24. Re3 Rc8 25. Rc3 Rxb2 26. Rc6 Kg7
27. f3 Kg6 28. b4 Kg7 29. b5 Kg6 30. b6 Kg7 31. Rcxc7 Rxc7 32. bxc7 Rc2 33. Kf1
Rc6 34. Ke2 Kg6 35. h4 h5 36. Ke3 Rc3+ 37. Kd2 Rc6 38. Kd3 Kg7 39. g3 Kg6 40.
f4 Kg7 41. Kd2 Kg6 42. fxe5 fxe5 43. Rb6 1-0

[Event "NCL978b Invicta2-Wessex"]
[Site "Rd1"]
[Date "1998.05.24"]
[Round "1.1"]
[White "Vigus, James"]
[Black "Rossiter, Philip"]
[Result "1/2-1/2"]
[WhiteElo "2260"]
[BlackElo "2370"]
[PlyCount "96"]
[EventDate "1998.05.24"]

1. d4 f5 2. g3 Nf6 3. Bg2 g6 4. c3 Bg7 5. Qb3 c6 6. Nh3 Qb6 7. Nd2 d5 8. Nf3
Ne4 9. Nf4 O-O 10. h4 Bh8 11. Be3 Na6 12. Nd3 Bf6 13. Bf4 c5 14. dxc5 Naxc5 15.
Qxb6 axb6 16. O-O Bd7 17. Be5 Bb5 18. Bxf6 Rxf6 19. Rfd1 Rd6 20. Bf1 Kg7 21.
Kg2 Ba4 22. Rdc1 Bc6 23. Nd4 Kf6 24. Rd1 e5 25. Nxc6 bxc6 26. f3 Nxd3 27. exd3
Nc5 28. d4 exd4 29. cxd4 Ne6 30. b3 Ra3 31. Rd2 Rd8 32. Rc1 c5 33. dxc5 bxc5
34. Bb5 Ke7 35. Bc6 d4 36. Bb5 Rc8 37. Bc4 Kd6 38. Re1 Nc7 39. b4 Rc3 40. Bb3
Re8 41. Red1 Rd8 42. Re1 Re8 43. Red1 Rd8 44. h5 Nd5 45. Bxd5 {(Draw offer)}
Kxd5 46. Kf2 Kc4 47. bxc5 Kxc5 48. Re2 d3 1/2-1/2

[Event "NCL978b Invicta2-Wessex"]
[Site "Rd1"]
[Date "1998.05.24"]
[Round "1.2"]
[White "Neil, David"]
[Black "Alfred, Nathan"]
[Result "1/2-1/2"]
[WhiteElo "2265"]
[BlackElo "2225"]
[PlyCount "62"]
[EventDate "1998.05.24"]

1. e4 c5 2. Nc3 Nc6 3. f4 g6 4. Nf3 Bg7 5. Bb5 Nd4 6. a4 a6 7. Bc4 e6 8. d3 Ne7
9. e5 d5 10. exd6 Nef5 11. Ne4 Nxd6 12. Nxd6+ Qxd6 13. Nxd4 cxd4 14. O-O Bd7
15. Bd2 O-O 16. a5 Rac8 17. Qe1 Rfe8 18. Bb4 Qc7 19. Qh4 Bc6 20. Rae1 Qd8 21.
Qxd8 Rexd8 22. Re2 Bd5 23. b3 Rd7 24. Kf2 h5 {(Draw offer)} 25. Ke1 Bf6 26. Kd1
Kg7 27. c3 dxc3 28. Kc2 Rc6 29. Ra1 Rc8 30. Rd1 {(Draw offer)} h4 31. Rf2 Bd4
1/2-1/2

[Event "NCL978b Invicta2-Wessex"]
[Site "Rd1"]
[Date "1998.05.24"]
[Round "1.3"]
[White "Farndon, David"]
[Black "Corkett, Anthony"]
[Result "1/2-1/2"]
[WhiteElo "2230"]
[BlackElo "2295"]
[PlyCount "66"]
[EventDate "1998.05.24"]

1. d4 Nf6 2. Nf3 e6 3. c4 d5 4. Nc3 Be7 5. Bg5 O-O 6. e3 h6 7. Bh4 b6 8. Be2
Bb7 9. Bxf6 Bxf6 10. cxd5 exd5 11. b4 c6 12. O-O Nd7 13. Qb3 b5 14. a4 a6 15.
a5 Re8 16. Bd3 Nf8 17. Ne2 Ne6 18. Rad1 Ng5 19. Nxg5 hxg5 20. Ng3 Bc8 21. Rc1
Qd6 22. Nf5 Bxf5 23. Bxf5 {(Draw offer)} Be7 24. Rc2 g6 25. Bg4 Ra7 26. Rfc1
Rc7 27. g3 Kg7 28. Kg2 Rd8 29. h3 f5 30. Bf3 Qe6 31. g4 Rd6 32. Rc5 Bd8 33.
R1c2 Kf6 1/2-1/2

[Event "NCL978b Invicta2-Wessex"]
[Site "Rd1"]
[Date "1998.05.24"]
[Round "1.4"]
[White "Yeo, Michael"]
[Black "Gurr, Lyndon"]
[Result "1-0"]
[WhiteElo "2210"]
[BlackElo "2208"]
[PlyCount "111"]
[EventDate "1998.05.24"]

1. e4 e6 2. d4 d5 3. Nc3 Bb4 4. a3 Bxc3+ 5. bxc3 dxe4 6. Qg4 Nf6 7. Qxg7 Rg8 8.
Qh6 Nbd7 9. Nh3 c5 10. Be2 b6 11. O-O Bb7 12. Be3 Qe7 13. dxc5 bxc5 14. Rab1
Bc6 15. Bg5 Qf8 16. Qxf8+ Kxf8 17. Bb5 Bxb5 18. Rxb5 Kg7 19. f3 exf3 20. Rxf3
Ne4 21. Rb7 Ne5 22. Rf4 Nd6 23. Bf6+ Kg6 {#} 24. Bxe5 Nxb7 25. Rf6+ Kg7 26. Ng5
Nd8 27. Rxe6+ f6 28. Rxf6 h6 29. Re6+ Kf8 30. Bd6+ Kg7 31. Re7+ Kg6 32. Nf3 Nf7
33. Bxc5 Rge8 34. Rxe8 Rxe8 35. Bxa7 Nd6 36. Kf1 Nc4 37. Bc5 Rc8 38. Bb4 Ra8
39. Ke2 Nxa3 40. Kd3 Rd8+ 41. Nd4 Nb5 42. Kc4 Nc7 43. Ba5 Rc8 44. Nc6 Ne6 45.
Kd5 Nf4+ 46. Kd6 Re8 47. c4 Nxg2 48. c5 Ne3 49. Bd8 Re4 50. c3 Ng4 51. Ne7+ Kf7
52. c6 Re6+ 53. Kc5 Ne5 54. c7 Nd7+ 55. Kb5 Nb6 56. c4 1-0

[Event "NCL978b Invicta2-Wessex"]
[Site "Rd1"]
[Date "1998.05.24"]
[Round "1.5"]
[White "Bibby, Simon"]
[Black "Upton, Ian"]
[Result "1/2-1/2"]
[WhiteElo "2205"]
[BlackElo "2245"]
[PlyCount "81"]
[EventDate "1998.05.24"]

1. e4 e6 2. d4 d5 3. Nc3 Nf6 4. Bg5 dxe4 5. Nxe4 Be7 6. Bxf6 gxf6 7. Bc4 b6 8.
Nf3 Bb7 9. Qe2 Nd7 10. O-O-O c6 11. Kb1 Qc7 12. Rhe1 O-O-O 13. Ba6 Rhg8 14. g3
Kb8 15. Bxb7 Qxb7 16. Nc3 Nf8 17. Qe3 Ng6 18. h4 h5 19. Ne4 Qa6 20. Qb3 Qa5 21.
Ka1 Qb5 22. Qxb5 cxb5 23. a3 Rc8 24. d5 Rgd8 25. d6 Bf8 26. Nxf6 Rxd6 27. Rxd6
Bxd6 28. c3 Be7 29. Nxh5 Rh8 30. Nf4 Nxf4 31. gxf4 Bc5 32. Re2 Rh6 33. b4 Bd6
34. Ng5 Rxh4 35. Nxf7 Bxf4 36. Rxe6 Bd2 37. Nd6 Bxc3+ 38. Ka2 a6 39. Re2 Rf4
40. Kb3 Bd4 41. Ne4 1/2-1/2

[Event "NCL978b Invicta2-Wessex"]
[Site "Rd1"]
[Date "1998.05.24"]
[Round "1.7"]
[White "Howell, Susan"]
[Black "Simons, Martin"]
[Result "0-1"]
[WhiteElo "1816"]
[BlackElo "2145"]
[PlyCount "78"]
[EventDate "1998.05.24"]

1. d4 Nf6 2. c4 c5 3. d5 b5 4. cxb5 a6 5. e3 axb5 6. Bxb5 Qa5+ 7. Nc3 Bb7 8.
Bc4 e6 9. Bd2 Qb6 10. e4 Nxe4 11. Qe2 Nxd2 12. Qxd2 Be7 13. Nge2 O-O 14. O-O
Ba6 15. Bxa6 Nxa6 16. a3 Rfd8 17. Rac1 Nc7 18. dxe6 fxe6 19. Qc2 Rab8 20. Na4
Qb5 21. Nec3 Qb3 22. Ne4 d6 23. Rfd1 Qxc2 24. Rxc2 Nb5 25. Rcd2 Nd4 26. Nac3 d5
27. Ng3 Bg5 28. Rd3 Nc6 29. Na4 c4 30. Rc3 Rb5 31. Ne2 Ra8 32. b3 Rxb3 33. Nc5
Rxc3 34. Nxc3 Kf7 35. a4 Be7 36. Nd7 Bb4 37. Rc1 Bxc3 38. Rxc3 Rxa4 39. g3 Ke7
0-1

[Event "NCL978b Invicta2-Wessex"]
[Site "Rd1"]
[Date "1998.05.24"]
[Round "1.8"]
[White "Howard, Emily"]
[Black "Stille, Alex"]
[Result "0-1"]
[WhiteElo "2045"]
[BlackElo "1840"]
[PlyCount "70"]
[EventDate "1998.05.24"]

1. e4 d5 2. exd5 Qxd5 3. Nc3 Qa5 4. d4 Nf6 5. Bd2 c6 6. Nf3 Bg4 7. Be2 e6 8.
O-O Nbd7 9. Re1 Qc7 10. Ng5 Bf5 11. Bf3 Be7 12. Qe2 O-O 13. Nce4 h6 14. Nxf6+
Bxf6 15. Ne4 Bxd4 16. c3 Be5 17. h3 Nf6 18. Nc5 Bd6 19. Nb3 e5 20. g4 Bg6 21.
g5 hxg5 22. Bxg5 Rae8 23. Bxf6 gxf6 24. Bh5 Kg7 25. Qg4 Rh8 26. Bxg6 fxg6 27.
Re3 Rh5 28. Kf1 f5 29. Qg2 f4 30. Rd3 e4 31. Rd4 f3 32. Qg4 c5 33. Rd2 Reh8 34.
Ke1 Rxh3 35. Kd1 R8h4 {(Resigns, but white is not clearly lost after 36.Qe6)}
0-1

[Event "NCL978b Gwent Dragons-Coulsdon"]
[Site "Rd1"]
[Date "1998.05.24"]
[Round "1.1"]
[White "Varley, Peter"]
[Black "Dunworth, Chris"]
[Result "1-0"]
[WhiteElo "2210"]
[BlackElo "2310"]
[PlyCount "111"]
[EventDate "1998.05.24"]

1. e4 d5 2. exd5 Nf6 3. d4 Bg4 4. f3 Bf5 5. g4 Bg6 6. c4 e6 7. g5 Nh5 8. Nc3
Bd6 9. Qa4+ Nd7 10. Nge2 exd5 11. Nxd5 O-O 12. c5 Be7 13. Nxe7+ Qxe7 14. Bd2
Qe6 15. Qb3 Qc6 16. Kf2 b6 17. cxb6 Nxb6 18. Rc1 Qd7 19. Qc3 Rac8 20. Qc6 Qf5
21. Ng3 Qd5 22. Qxd5 Nxd5 23. Nxh5 Bxh5 24. Rc5 Rcd8 25. Ra5 f6 26. Bg2 fxg5
27. Bxg5 Rd6 {(Draw offer)} 28. Rd1 a6 29. Rd2 h6 30. Bh4 g5 31. Bg3 Nf4 32.
Bf1 Rdf6 33. Rxa6 c6 34. Bxf4 Rxf4 35. Bc4+ Kg7 36. Rxc6 Bxf3 37. Rc7+ Kg6 38.
Ke3 Re8+ 39. Kd3 Be4+ 40. Kc3 Rb8 41. d5 Rf3+ 42. Kd4 Bf5 43. Rc6+ Kg7 44. Kc5
g4 45. a4 h5 46. a5 h4 47. a6 g3 48. hxg3 hxg3 49. a7 Ra8 50. Kb6 Bh3 51. Kb7
Rff8 52. Rd3 g2 53. Rg3+ Kf7 54. Rh6 Rac8 55. b3 Rg8 56. Rhxh3 1-0

[Event "NCL978b Gwent Dragons-Coulsdon"]
[Site "Rd1"]
[Date "1998.05.24"]
[Round "1.2"]
[White "Harley, Andrew"]
[Black "Saunders, Nigel"]
[Result "1-0"]
[WhiteElo "2305"]
[BlackElo "2135"]
[PlyCount "85"]
[EventDate "1998.05.24"]

1. e4 e6 2. d4 d5 3. Nc3 Nf6 4. Bg5 Be7 5. e5 Nfd7 6. Bxe7 Qxe7 7. f4 a6 8. Nf3
c5 9. dxc5 Nxc5 10. Qd2 Nc6 11. Bd3 Bd7 12. O-O Nxd3 13. cxd3 b5 14. Rac1 O-O
15. Ne2 Rac8 16. Ned4 Nxd4 17. Nxd4 b4 18. Qe3 a5 19. Rxc8 Rxc8 20. Rc1 Qd8 21.
Nb3 a4 22. Nc5 Bb5 23. d4 h6 24. Qd2 Qh4 25. g3 Qg4 26. Qxb4 Be2 27. Qd2 g5 28.
Re1 Bb5 29. Kg2 gxf4 30. Qxf4 Qg6 31. Rd1 Rb8 32. Rd2 Be8 33. Rf2 Rb4 34. Qd2
Rc4 35. b3 axb3 36. axb3 Rxc5 37. dxc5 Qe4+ 38. Kh3 Qxe5 39. Qxh6 f5 40. Qg5+
Kf7 41. Ra2 Qc7 42. Ra8 Qxc5 43. Qh5+ 1-0

[Event "NCL978b Gwent Dragons-Coulsdon"]
[Site "Rd1"]
[Date "1998.05.24"]
[Round "1.3"]
[White "Borg, Andy"]
[Black "Swanson, Stephen"]
[Result "0-1"]
[WhiteElo "2135"]
[BlackElo "2235"]
[PlyCount "64"]
[EventDate "1998.05.24"]

1. d4 d6 2. c4 e5 3. dxe5 dxe5 4. Qxd8+ Kxd8 5. Nc3 Be6 6. e3 Nd7 7. Nf3 f6 8.
Be2 c6 9. O-O Kc7 10. a3 a5 11. Rb1 a4 12. h3 Ne7 13. e4 Nc8 14. Be3 Bc5 15.
Bxc5 Nxc5 16. Nd2 Rd8 17. Rfd1 Nb6 18. Rbc1 Bf7 19. Na2 Rd4 20. f3 Rad8 21. Nf1
Rxd1 22. Bxd1 Nd3 23. Rb1 Nxc4 24. Nc3 Ndxb2 25. Bxa4 Rd3 26. Rc1 Rxc3 27. Rxc3
Nxa4 28. Rc1 b5 29. Kf2 Nc5 30. Rc3 Na4 31. Rc1 Nxa3 32. Ne3 b4 0-1

[Event "NCL978b Gwent Dragons-Coulsdon"]
[Site "Rd1"]
[Date "1998.05.24"]
[Round "1.4"]
[White "Rosen, Daniel"]
[Black "Adams, Mark"]
[Result "1-0"]
[WhiteElo "2225"]
[BlackElo "2105"]
[PlyCount "73"]
[EventDate "1998.05.24"]

1. e4 c5 2. f4 d6 3. Nf3 Nc6 4. Bb5 Bd7 5. O-O g6 6. Bxc6 Bxc6 7. d3 Bg7 8. Qe1
Nf6 9. Nc3 O-O 10. Qh4 Nd7 11. f5 Ne5 12. Bh6 Bxh6 13. Qxh6 Ng4 14. Qh3 Nf6 15.
Ng5 h5 16. fxg6 fxg6 17. Qg3 Qd7 18. h3 Kg7 19. Ne2 e5 20. Rf2 Qe7 21. Raf1 Nh7
22. Rf7+ Rxf7 23. Rxf7+ Qxf7 24. Nxf7 Kxf7 25. Kh2 Rf8 26. Ng1 Bd7 27. Nf3 Kg7
28. c3 Rf4 29. Qe1 Bc6 30. Qe3 h4 31. b4 c4 32. b5 Bxb5 33. d4 Nf6 34. dxe5
dxe5 35. Qc5 Bc6 36. Qe7+ Kh6 37. Qf8+ 1-0

[Event "NCL978b Gwent Dragons-Coulsdon"]
[Site "Rd1"]
[Date "1998.05.24"]
[Round "1.5"]
[White "Fletcher, John"]
[Black "Moore, Gerald"]
[Result "0-1"]
[WhiteElo "2095"]
[BlackElo "2215"]
[PlyCount "39"]
[EventDate "1998.05.24"]

1. d4 Nf6 2. Nc3 c5 3. d5 g6 4. e4 d6 5. Bb5+ Bd7 6. a4 Bg7 7. g4 O-O 8. Be2
Na6 9. h4 Nb4 10. g5 Ne8 11. h5 e6 12. Bc4 Qe7 13. Qe2 Nc7 14. Bf4 exd5 15.
Bxd5 Bxc3+ 16. bxc3 Ncxd5 17. exd5 Nxc2+ 18. Kd2 Qxe2+ 19. Nxe2 Nxa1 20. Rxa1
0-1

[Event "NCL978b Gwent Dragons-Coulsdon"]
[Site "Rd1"]
[Date "1998.05.24"]
[Round "1.6"]
[White "Gunter, David"]
[Black "Gilbert, Jonathan"]
[Result "1-0"]
[WhiteElo "2185"]
[BlackElo "2105"]
[PlyCount "121"]
[EventDate "1998.05.24"]

1. d4 d5 2. Bg5 Nd7 3. e3 Ngf6 4. Nf3 e6 5. c4 Be7 6. cxd5 exd5 7. Nc3 c6 8.
Qc2 O-O 9. Bd3 Re8 10. O-O Ne4 11. Bxe4 Bxg5 12. Bxh7+ Kh8 13. Bd3 Bh6 14. b4
Nf8 15. Ne5 Kg8 16. Qd1 Qh4 17. Qf3 Be6 18. b5 Rac8 19. bxc6 bxc6 20. Na4 Nd7
21. Nxd7 Bxd7 22. Nc5 Bg4 23. Qg3 Qh5 24. h3 Be2 25. Rfe1 Bxd3 26. Nxd3 Re4 27.
Rab1 Rce8 28. Rb8 Rxb8 29. Qxb8+ Kh7 30. Ne5 Bf4 31. Qxa7 Bxe5 32. dxe5 Rxe5
33. Qa4 Qg6 34. f3 Qg3 35. Qc2+ g6 36. Qf2 Qxf2+ 37. Kxf2 Kg7 38. Rb1 c5 39.
Rb5 c4 40. f4 Re6 41. Rxd5 Rb6 42. Rc5 Rb2+ 43. Kf3 Rxa2 44. Rxc4 Ra3 45. Rc5
Kf6 46. g4 Rb3 47. h4 Rb1 48. h5 Kg7 49. hxg6 Kxg6 50. Rc6+ Kg7 51. Rd6 Rb4 52.
g5 Rb1 53. Kg4 Re1 54. Rd3 Rg1+ 55. Kf5 Rg3 56. Ra3 Rh3 57. Kg4 Rh1 58. e4 Re1
59. Kf5 Rd1 60. Ra7 Rg1 61. e5 1-0

[Event "NCL978b Gwent Dragons-Coulsdon"]
[Site "Rd1"]
[Date "1998.05.24"]
[Round "1.7"]
[White "Batey, Richard"]
[Black "McGrath, J."]
[Result "1/2-1/2"]
[WhiteElo "2045"]
[BlackElo "2072"]
[PlyCount "38"]
[EventDate "1998.05.24"]

1. f4 d5 2. b3 Nf6 3. Nf3 g6 4. Bb2 Bg7 5. e3 O-O 6. Be2 c5 7. O-O Nc6 8. Qe1
Ne8 9. Bxg7 Nxg7 10. d3 Qd6 11. Nc3 e5 12. fxe5 Nxe5 13. e4 d4 14. Nxe5 Qxe5
15. Nd5 Ne8 16. Qh4 Be6 17. Nf6+ Nxf6 18. Rxf6 Kg7 19. Rf2 f6 1/2-1/2

[Event "NCL978b Gwent Dragons-Coulsdon"]
[Site "Rd1"]
[Date "1998.05.24"]
[Round "1.8"]
[White "Turvey, Syringa"]
[Black "Roberts, Lynda"]
[Result "1/2-1/2"]
[WhiteElo "1552"]
[BlackElo "1800"]
[PlyCount "34"]
[EventDate "1998.05.24"]

1. e4 c5 2. d4 cxd4 3. c3 dxc3 4. Nxc3 Nc6 5. Nf3 d6 6. Bc4 e6 7. O-O Nf6 8.
Qe2 Be7 9. Rd1 Nd7 10. Bf4 e5 11. Bg3 O-O 12. a3 Kh8 13. Qd3 Nb6 14. Ba2 Be6
15. Nd5 Bxd5 16. Bxd5 Nxd5 17. Qxd5 Qa5 1/2-1/2

[Event "NCL978b Nidum Kts-Simpsons"]
[Site "Rd1"]
[Date "1998.05.24"]
[Round "1.1"]
[White "Williams, Leighton"]
[Black "Norwood, David"]
[Result "0-1"]
[WhiteElo "2240"]
[BlackElo "2515"]
[PlyCount "52"]
[EventDate "1998.05.24"]

1. d4 g6 2. c4 Bg7 3. Nc3 c5 4. d5 Bxc3+ 5. bxc3 f5 6. g4 fxg4 7. h3 d6 8. hxg4
Bxg4 9. Bh3 Nf6 10. Qd3 Nbd7 11. Nf3 Qa5 12. Bxg4 Nxg4 13. Ng5 Nge5 14. Qc2 Nf6
15. Qb3 Qa6 16. Ne6 {(Draw offer)} Kd7 17. Rh4 h6 18. Rb1 b6 19. Bxh6 Nf7 20.
Bg5 Nxg5 21. Rxh8 Rxh8 22. Nxg5 Rh1+ 23. Kd2 Rxb1 24. Qxb1 Qxc4 25. e4 Nxd5 26.
exd5 Qxd5+ 0-1

[Event "NCL978b Nidum Kts-Simpsons"]
[Site "Rd1"]
[Date "1998.05.24"]
[Round "1.2"]
[White "Hennigan, Michael"]
[Black "Morris, Gareth"]
[Result "1-0"]
[WhiteElo "2415"]
[BlackElo "2150"]
[PlyCount "63"]
[EventDate "1998.05.24"]

1. e4 c5 2. Nf3 Nc6 3. Bb5 g6 4. Bxc6 dxc6 5. h3 Bg7 6. d3 e5 7. Nc3 f6 8. Be3
b6 9. Qd2 Be6 10. O-O-O h5 11. Nh2 Qd7 12. f4 exf4 13. Bxf4 O-O-O 14. Nf3 Bh6
15. Rhf1 Qe7 16. Rde1 g5 17. Be3 g4 18. Nh4 Qh7 19. Nf5 Bxe3 20. Qxe3 Ne7 21.
hxg4 hxg4 22. Qf4 Bxf5 23. exf5 Rd7 24. Qxg4 Rg8 25. Qf3 Rg5 26. g4 Rg8 27. Re6
Qh6+ 28. Kb1 Kb7 29. Ne4 Nd5 30. g5 Rxg5 31. Nxg5 Qxg5 32. a3 1-0

[Event "NCL978b Nidum Kts-Simpsons"]
[Site "Rd1"]
[Date "1998.05.24"]
[Round "1.3"]
[White "Walsh, Chris"]
[Black "Mortazavi, Ali"]
[Result "1/2-1/2"]
[WhiteElo "2190"]
[BlackElo "2385"]
[PlyCount "58"]
[EventDate "1998.05.24"]

1. e4 c5 2. Nf3 e6 3. d4 cxd4 4. Nxd4 a6 5. Bd3 Qc7 6. O-O Nf6 7. c4 Nc6 8.
Nxc6 dxc6 9. Be3 e5 10. h3 Be6 11. Qe2 Nd7 12. Nc3 Bc5 13. Na4 Bxe3 14. Qxe3
O-O 15. Rfd1 Rfd8 16. c5 Nf8 17. Nb6 Rab8 18. Bc4 Rxd1+ 19. Rxd1 Rd8 20. Rd3
Qe7 21. b4 h6 22. Qd2 Rxd3 23. Qxd3 Qg5 24. Qc3 Kh7 25. a4 Qf4 26. Qe3 Qf6 27.
Qc3 Qf4 28. Qe3 Qf6 29. Qc3 Qf4 1/2-1/2

[Event "NCL978b Nidum Kts-Simpsons"]
[Site "Rd1"]
[Date "1998.05.24"]
[Round "1.4"]
[White "Tozer, Richard"]
[Black "Musson, Adam"]
[Result "1-0"]
[WhiteElo "2305"]
[BlackElo "2109"]
[PlyCount "68"]
[EventDate "1998.05.24"]

1. d4 d5 2. c4 e6 3. Nc3 c6 4. Nf3 dxc4 5. a4 Bb4 6. e3 b5 7. Bd2 a5 8. axb5
Bxc3 9. Bxc3 cxb5 10. b3 Bb7 11. bxc4 b4 12. Bb2 Nf6 13. Bd3 Nbd7 14. O-O O-O
15. Re1 Re8 16. c5 Qc7 17. e4 e5 18. Rc1 Ba6 19. c6 Nb6 20. Bxa6 Rxa6 21. dxe5
Nh5 22. Nd4 Qxe5 23. Ba1 Qg5 24. Nf5 Nf4 25. Qf3 Nc8 26. h4 Qxg2+ 27. Qxg2 Nxg2
28. Kxg2 a4 29. Nxg7 Rf8 30. Nf5 f6 31. Kf3 a3 32. Rg1+ Kf7 33. Rg7+ Ke8 34.
Rc7 Kd8 1-0

[Event "NCL978b Nidum Kts-Simpsons"]
[Site "Rd1"]
[Date "1998.05.24"]
[Round "1.5"]
[White "Jones, Richard S"]
[Black "Wade, Robert"]
[Result "1-0"]
[WhiteElo "2045"]
[BlackElo "2220"]
[PlyCount "125"]
[EventDate "1998.05.24"]

1. e4 d6 2. Nc3 Nf6 3. g3 h5 4. h3 e5 5. Bg2 Nc6 6. Nge2 Be6 7. d4 Bc4 8. Bg5
Be7 9. d5 Nb8 10. Be3 Nbd7 11. Nc1 h4 12. g4 Nh7 13. Bf1 Bxf1 14. Rxf1 Bg5 15.
Qe2 a6 16. Nd3 Bxe3 17. Qxe3 Qg5 18. Qe2 Nhf8 19. Qd2 Qxd2+ 20. Kxd2 Ng6 21.
Ke3 Ke7 22. Ne2 c6 23. c4 cxd5 24. cxd5 Rhc8 25. Rac1 Nb6 26. b3 Rxc1 27. Rxc1
Rc8 28. Rxc8 Nxc8 29. Ne1 f6 30. Ng2 Kf7 31. Ng1 a5 32. Nf3 a4 33. Nfxh4 Nf4
34. Nxf4 exf4+ 35. Kd3 axb3 36. axb3 g6 37. Nf3 Nb6 38. Nd4 Nd7 39. Ne6 Ne5+
40. Ke2 g5 41. Nd8+ Ke7 42. Nxb7 Kd7 43. Na5 Kc7 44. Nc4 Nd7 45. b4 Nb8 46. Kd3
Na6 47. Kc3 Kd7 48. Nd2 Kc7 49. Nf3 Kb6 50. Nd4 Nc7 51. Kc4 Ka6 52. Nf5 Nb5 53.
h4 gxh4 54. Nxh4 Na3+ 55. Kb3 Nb5 56. Nf5 Kb6 57. Kc4 Na3+ 58. Kd3 Kc7 59. Nd4
Kb6 60. Kc3 Ka6 61. Kb3 Nb1 62. Nf3 Kb5 63. Kb2 1-0

[Event "NCL978b Nidum Kts-Simpsons"]
[Site "Rd1"]
[Date "1998.05.24"]
[Round "1.6"]
[White "Hennigan, Rita"]
[Black "Fish, Andrew"]
[Result "0-1"]
[WhiteElo "2225"]
[BlackElo "2115"]
[PlyCount "76"]
[EventDate "1998.05.24"]

1. e4 e6 2. d4 d5 3. Nc3 Bb4 4. e5 c5 5. a3 Bxc3+ 6. bxc3 Ne7 7. Nf3 Qa5 8. Qd2
Bd7 9. Be2 Ba4 10. Rb1 Qc7 11. Bb5+ Bxb5 12. Rxb5 Nd7 13. a4 a6 14. Rb3 Nc6 15.
O-O O-O 16. Qg5 f6 17. exf6 Rxf6 18. Qg3 Rc8 19. Bg5 Rf5 20. Qxc7 Rxc7 21. Rfb1
b6 22. dxc5 Nxc5 23. Rxb6 Nxa4 24. Rxa6 Nxc3 25. Rbb6 Ne5 26. Nd4 Rxg5 27. Nxe6
Nf3+ 28. Kh1 Ne4 29. Rb8+ Kf7 30. Rf8+ Ke7 31. Rxf3 Rxc2 32. g3 Rg6 33. Rb3
Rxe6 34. Rb7+ Kf6 35. Rxe6+ Kxe6 36. Rxg7 d4 37. Rxh7 d3 38. Rh6+ Ke5 0-1

[Event "NCL978b Nidum Kts-Simpsons"]
[Site "Rd1"]
[Date "1998.05.24"]
[Round "1.7"]
[White "Cleveland, Richard"]
[Black "Chan, Nevil"]
[Result "1/2-1/2"]
[WhiteElo "2045"]
[BlackElo "2016"]
[PlyCount "118"]
[EventDate "1998.05.24"]

1. d4 e6 2. Nf3 b6 3. Bf4 Bb7 4. e3 Nf6 5. Nbd2 Be7 6. Bd3 d6 7. h3 Nbd7 8. O-O
O-O 9. c3 c5 10. Qe2 Qc7 11. Rac1 Rad8 12. Rfd1 Rfe8 13. e4 Nf8 14. Bh2 Ng6 15.
b4 Bf8 16. bxc5 bxc5 17. Nb3 e5 18. Bb5 Bc6 19. Bxc6 Qxc6 20. dxe5 dxe5 21.
Rxd8 Rxd8 22. Nfd2 Bd6 23. f3 Bc7 24. Rd1 Qa4 25. Kh1 Qxa2 26. Nxc5 Qc2 27.
Ncb3 Bb6 28. Rc1 Qb2 29. Qd1 Be3 30. Qc2 Qxc2 31. Rxc2 a5 32. Bg1 Bxg1 33. Kxg1
a4 34. Nc5 a3 35. g3 Nd7 36. Nxd7 Rxd7 37. Nc4 h5 38. Nxa3 h4 39. Kg2 hxg3 40.
Kxg3 Nf4 41. Nc4 f6 42. Ne3 Rd3 43. Ng2 Rxc3 {(Draw offer)} 44. Rxc3 Ne2+ 45.
Kg4 Nxc3 46. Ne3 Kf7 47. h4 g6 48. h5 gxh5+ 49. Kxh5 {(Draw offer)} Ne2 50. Nd5
Nd4 51. Kg4 Ke6 52. Ne3 Ne2 53. Ng2 Nd4 54. Nh4 Ne2 55. Ng6 Nd4 56. Nf8+ Kf7
57. Nd7 Ke6 58. Nc5+ Kf7 59. Nd3 Ke6 1/2-1/2

[Event "NCL978b Nidum Kts-Simpsons"]
[Site "Rd1"]
[Date "1998.05.24"]
[Round "1.8"]
[White "Houska, Mario"]
[Black "Wilson, Julie"]
[Result "1/2-1/2"]
[WhiteElo "1624"]
[BlackElo "1728"]
[PlyCount "105"]
[EventDate "1998.05.24"]

1. d4 Nf6 2. Bg5 e6 3. c3 d5 4. e3 Be7 5. Nd2 O-O 6. Bd3 Nbd7 7. Ne2 e5 8. dxe5
Nxe5 9. Bc2 b6 10. Nd4 Ba6 11. N4f3 Nfg4 12. Bf4 Nd3+ 13. Bxd3 Bxd3 14. Ne5
Nxe5 15. Bxe5 f6 16. Bg3 c5 17. Nf3 c4 18. Nd4 Qd7 19. a4 a6 20. Ne2 Be4 21.
O-O Bc5 22. Qd2 Rae8 23. Rfe1 f5 24. Nd4 Rf6 25. f3 Bd3 26. b4 Bd6 27. Bxd6
Qxd6 28. Qf2 Rh6 29. g3 Qf6 30. Rac1 g5 31. b5 a5 32. Nc6 Rh5 33. e4 fxe4 34.
Nd4 Rf8 35. Re3 Qg6 36. Nc6 Rh6 37. Ne7+ {#} Kg7 38. Nxg6 Rxg6 39. Rxd3 cxd3
40. Qd4+ Rgf6 41. fxe4 dxe4 42. Qxe4 $2 d2 43. Rd1 Rf1+ 44. Rxf1 Rxf1+ 45. Kxf1
d1=Q+ 46. Kg2 Qd2+ 47. Kh3 Qxc3 48. Qe7+ Kg6 {(Draw offer)} 49. Qe8+ Kg7 50.
Qd7+ Kg6 51. Qc6+ Qf6 52. g4 Kg7 53. Qd7+ 1/2-1/2